D V G Krati shreni. Samputa 10 : Kavya -2, Bidi barahagalu. (Record no. 105253)
[ view plain ]
| 000 -LEADER | |
|---|---|
| fixed length control field | 00838nam a2200229Ia 4500 |
| 003 - CONTROL NUMBER IDENTIFIER | |
| control field | OSt |
| 005 - DATE AND TIME OF LATEST TRANSACTION | |
| control field | 20241010113811.0 |
| 008 - FIXED-LENGTH DATA ELEMENTS--GENERAL INFORMATION | |
| fixed length control field | 210210b1999 xxu||||| |||| 00| 0 eng d |
| 040 ## - CATALOGING SOURCE | |
| Transcribing agency | AL |
| 041 ## - LANGUAGE CODE | |
| Language code of text/sound track or separate title | Kannada |
| 082 ## - DEWEY DECIMAL CLASSIFICATION NUMBER | |
| Classification number | K894.8 NAYD |
| 100 ## - MAIN ENTRY--PERSONAL NAME | |
| Personal name | NAYAKA (Ha Ma), Ed. |
| 9 (RLIN) | 109844 |
| Dates associated with a name | ನಾಯಕ (ಹಾ ಮಾ). |
| 245 ## - TITLE STATEMENT | |
| Title | D V G Krati shreni. Samputa 10 : Kavya -2, Bidi barahagalu. |
| Remainder of title | ಡಿವಿಜಿ ಕೃತಿ ಶ್ರೇಣಿ ಸಂಪುಟ ೧೦ : ಕಾವ್ಯ -೨, ಬಿಡಿ ಬರಹಗಳು |
| 260 ## - PUBLICATION, DISTRIBUTION, ETC. | |
| Place of publication, distribution, etc. | Bengaluru. |
| Name of publisher, distributor, etc. | Kannada Mattu Samskrathi Nirdeshanalaya., |
| Date of publication, distribution, etc. | 1999 |
| 300 ## - PHYSICAL DESCRIPTION | |
| Extent | xxiv,499 |
| 440 ## - SERIES STATEMENT/ADDED ENTRY--TITLE | |
| Title | 10 |
| 9 (RLIN) | 109845 |
| 650 ## - SUBJECT ADDED ENTRY--TOPICAL TERM | |
| Topical term or geographic name entry element | Umarana Osage Shrirama ParikshanamShrangaramangalam |
| 9 (RLIN) | 109846 |
| 651 ## - SUBJECT ADDED ENTRY--GEOGRAPHIC NAME | |
| Geographic name | Di Vi Gi |
| 9 (RLIN) | 109847 |
| 690 ## - LOCAL SUBJECT ADDED ENTRY--TOPICAL TERM (OCLC, RLIN) | |
| Topical term or geographic name as entry element | Kannada Miscellaneou |
| 9 (RLIN) | 109848 |
| 906 ## - LOCAL DATA ELEMENT F, LDF (RLIN) | |
| a | 05770 |
| 942 ## - ADDED ENTRY ELEMENTS (KOHA) | |
| Source of classification or shelving scheme | Dewey Decimal Classification |
| Koha item type | Book |
| Withdrawn status | Lost status | Source of classification or shelving scheme | Damaged status | Not for loan | Collection code | Home library | Current library | Date acquired | Source of acquisition | Cost, normal purchase price | Total Checkouts | Full call number | Barcode | Date last seen | Price effective from | Koha item type |
|---|---|---|---|---|---|---|---|---|---|---|---|---|---|---|---|---|
| Dewey Decimal Classification | Kannada | St Aloysius Library | St Aloysius Library | 02/17/2021 | Sahayaka Nirdeshakara Kacheri, Mangaluru. | 30.00 | K894.8 NAYD | 057702 | 02/17/2021 | 02/17/2021 | Book |